Statistics for Seven Kings of Rome

Click here to take the quiz!

General Stats

  • This quiz has been taken 165 times
  • The average score is 4 of 7

Answer Stats

Reign (BC)King% Correct
753 - 716Romulus
97%
534 - 509Lucius Tarquinius Superbus
67%
716 - 672Numa Pompilius
64%
578 - 534Servius Tullius
49%
672 - 640Tullus Hostilius
46%
616 - 578Lucius Tarquinius Priscus
38%
640 - 616Ancus Marcius
37%

Score Distribution

Percentile by Number Answered

Percent of People with Each Score

Your Score History

You have not taken this quiz